000 01430nmc a2200481 a 4500
003 AR-BaBNM
005 20251128203524.0
008 037019s1962 ||||||||||||||000 | spa||
040 _cAR-BaBNM
245 1 0 _aTratado de sociología
_bintroducción, sociología general, morfología social, sociología económica, sociología industrial
_n1
260 _aBuenos Aires
_bKapelusz
_c1962
300 1 _axxiii, 592 p.
490 0 _aUniversitaria. Filosofía y Ciencias Sociales
504 _aContiene bibliografía al final de cada capítulo
650 4 _aSOCIOLOGIA
650 4 _aSIGLO DIECINUEVE
650 4 _aSIGLO VEINTE
650 4 _aETNOGRAFIA
650 4 _aETNOLOGIA
650 4 _aSOCIOLOGIA ECONOMICA
650 4 _aECONOMIA
650 4 _aCONDICIONES DE VIDA
650 4 _aSOCIOLOGIA RURAL
650 4 _aCONDICIONES DE TRABAJO
650 4 _aZONAS RURALES
650 4 _aDEMOGRAFIA
650 4 _aSOCIOLOGIA INDUSTRIAL
650 4 _aTRABAJO
700 1 _aGurvitch, Georges
_edirector
700 1 _aBalandier, Georges
700 1 _aBastide, Roger
700 1 _aBourricaud, François
700 1 _aDuverger, Maurice
700 1 _aFrancastel, Pierre
700 1 _aGranai, Georges
700 1 _aLefebvre, Henri
700 1 _aMemmi, Albert
700 1 _aPiaget, Jean
700 1 _aEguibar, María C.
_etraductor
700 1 _aDujovne, León
_erevisión
942 _cBK
998 _cSILVI
999 _c3770
_d3770